[Event "POL-ch U16"]
[Site "Sypniewo"]
[Date "2022.03.23"]
[Round "5"]
[White "Bochenek, Ryszard"]
[Black "Garwacki, Kornel"]
[Result "0-1"]
[WhiteElo "1530"]
[BlackElo "1512"]
[PlyCount "126"]
[EventDate "2022.03.19"]
[EventType "swiss"]
[EventRounds "9"]
[EventCountry "POL"]
[SourceTitle "CBM 207 Extra"]
[Source "ChessBase"]
[SourceDate "2022.05.31"]
[SourceVersion "1"]
[SourceVersionDate "2022.05.31"]
[SourceQuality "1"]

1. e4 d6 2. d4 Nf6 3. Nc3 g6 4. Bc4 Bg7 5. Nge2 0-0 6. f3 Nc6 7. Be3 e5 8. Qd2 a6 9. d5 Na5 10. Bd3 b5 11. g4 c5 12. dxc6 Nxc6 13. 0-0-0 Qa5 14. g5 Nd7 15. Kb1 Nc5 16. f4 Rb8 17. f5 Nb4 18. f6 Bh8 19. Nc1 Be6 20. Nd5 Bxd5 21. exd5 Ncxd3 22. cxd3 Qa4 23. Qg2 Rfc8 24. b3 Qa3 25. Rd2 Rc7 26. Rb2 Rbc8 27. h4 a5 28. h5 gxh5 29. Qh2 Rc2 30. Rxc2 Rxc2 31. Qxc2 Nxc2 32. Kxc2 h6 33. Rxh5 hxg5 34. Rxg5+ Kf8 35. Rg4 Bxf6 36. Bh6+ Ke7 37. Be3 Kd7 38. Re4 Bd8 39. Rg4 a4 40. b4 Be7 41. Bd2 e4 42. Bc3 exd3+ 43. Kd2 Bd8 44. Rg7 Bh4 45. Rg1 Bf2 46. Rf1 Be3+ 47. Kxe3 Qxc3 48. Nxd3 Qc4 49. Rxf7+ Ke8 50. Rf2 Qxd5 51. Re2 Qc4 52. Rh2 d5 53. Re2 Ke7 54. Nf4 Kf6 55. Rf2 Qe4+ 56. Kd2 Qxb4+ 57. Ke3 Qe4+ 58. Kd2 Kg5 59. Nd3 d4 60. Re2 Qc6 61. Re5+ Kf6 62. Rc5 Qg2+ 63. Kd1 Qf3+ 0-1

[Event "POL-ch U20"]
[Site "Pokrzywna"]
[Date "2020.12.05"]
[Round "8"]
[White "Bochenek, Ryszard"]
[Black "Kocierz, Pawel"]
[Result "0-1"]
[WhiteElo "1445"]
[BlackElo "1701"]
[PlyCount "130"]
[EventDate "2020.11.30"]
[EventType "swiss"]
[EventRounds "9"]
[EventCountry "POL"]
[SourceTitle "CBM 199 Extra"]
[Source "ChessBase"]
[SourceDate "2021.01.31"]
[SourceVersion "1"]
[SourceVersionDate "2021.01.31"]
[SourceQuality "1"]

1. e4 c5 2. Nf3 g6 3. d4 cxd4 4. Nxd4 Bg7 5. Be3 Nf6 6. Nc3 Nc6 7. Bc4 Qa5 8. f3 Qb4 9. Bb3 Nxe4 10. fxe4 Bxd4 11. Bxd4 Qxd4 12. Qxd4 Nxd4 13. Nd5 Nxb3 14. axb3 Kd8 15. Nb6 Rb8 16. Rxa7 d6 17. 0-0 Be6 18. Nd5 Bxd5 19. exd5 f6 20. Re1 Re8 21. c4 Kd7 22. Re6 Kc7 23. b4 Kb6 24. Ra5 h5 25. Ra1 Ra8 26. Rae1 Red8 27. b3 Ra3 28. R1e3 Rd7 29. c5+ Kb5 30. Rxe7 Rxe7 31. Rxe7 dxc5 32. d6 Rxb3 33. bxc5 Kxc5 34. d7 Rd3 35. d8Q Rxd8 36. Rxb7 Rd2 37. Rf7 Rd6 38. Kf2 Kd4 39. g3 Ke4 40. Re7+ Kf5 41. Re2 h4 42. gxh4 Rd4 43. Kg3 Rd3+ 44. Kg2 Rd4 45. Kg3 Re4 46. Rf2+ Ke5 47. Rf3 f5 48. h3 f4+ 49. Kg4 Re1 50. Kg5 Rg1+ 51. Kh6 Ke4 52. Ra3 f3 53. Ra4+ Ke3 54. Ra3+ Ke2 55. Ra2+ Kf1 56. h5 gxh5 57. Kxh5 Rg2 58. Ra1+ Ke2 59. Ra2+ Ke3 60. Ra3+ Kf4 61. Ra4+ Kg3 62. Ra3 Rh2 63. Kg5 Rxh3 64. Rb3 Rh1 65. Kf5 Kg2 0-1

[Event "POL-chT U20 2nd League"]
[Site "Sypniewo"]
[Date "2020.??.??"]
[Round "8.26"]
[White "Bochenek, Ryszard"]
[Black "Cieply, Krzysztof"]
[Result "0-1"]
[WhiteElo "1445"]
[BlackElo "1573"]
[PlyCount "118"]
[EventDate "2020.10.23"]
[EventType "team-swiss"]
[EventRounds "9"]
[EventCountry "POL"]
[SourceTitle "CBM 199 Extra"]
[Source "ChessBase"]
[SourceDate "2021.01.31"]
[SourceVersion "1"]
[SourceVersionDate "2021.01.31"]
[SourceQuality "1"]

1. e4 c5 2. Nf3 Nc6 3. d4 cxd4 4. Nxd4 Nf6 5. Nc3 d6 6. Be3 e5 7. Ndb5 a6 8. Na3 b5 9. Nd5 Nxd5 10. Qxd5 Bd7 11. Be2 Be7 12. 0-0 0-0 13. f4 exf4 14. Bxf4 Qb6+ 15. Kh1 Be6 16. Qd2 Ne5 17. c3 Ng6 18. Be3 Qb7 19. Bd4 f6 20. Rae1 d5 21. Bd3 Bxa3 22. bxa3 dxe4 23. Bxe4 Bd5 24. Qc2 Bxe4 25. Qxe4 Qxe4 26. Rxe4 Rfe8 27. Rfe1 Rxe4 28. Rxe4 Kf7 29. Kg1 Rc8 30. Kf2 Rc4 31. Re3 Ne7 32. Rd3 Nd5 33. Kf3 Ke6 34. g3 g6 35. Ke2 f5 36. Kd2 g5 37. h3 Ra4 38. Bc5 Re4 39. Bf8 h5 40. Bh6 g4 41. h4 Rc4 42. Bg7 f4 43. gxf4 Rxf4 44. Bd4 Rf1 45. a4 Ra1 46. a3 Rxa3 47. axb5 axb5 48. Ke1 b4 49. Rd2 Nxc3 50. Bxc3 Rxc3 51. Rd4 b3 52. Rb4 g3 53. Kf1 Kf5 54. Kg1 b2 55. Rxb2 Kg4 56. Kg2 Rc4 57. Rd2 Kxh4 58. Kf3 Kh3 59. Rd5 h4 0-1

[Event "POL-chT U20 2nd League"]
[Site "Sypniewo"]
[Date "2020.??.??"]
[Round "3.9"]
[White "Nowak, Filip"]
[Black "Bochenek, Ryszard"]
[Result "1/2-1/2"]
[WhiteElo "1871"]
[BlackElo "1445"]
[PlyCount "130"]
[EventDate "2020.10.23"]
[EventType "team-swiss"]
[EventRounds "9"]
[EventCountry "POL"]
[SourceTitle "CBM 199 Extra"]
[Source "ChessBase"]
[SourceDate "2021.01.31"]
[SourceVersion "1"]
[SourceVersionDate "2021.01.31"]
[SourceQuality "1"]

1. e4 c5 2. Nf3 Nc6 3. d4 cxd4 4. Nxd4 e5 5. Nb5 d6 6. N1c3 a6 7. Na3 Be7 8. Nc4 b5 9. Ne3 Nf6 10. g3 0-0 11. Bg2 Be6 12. 0-0 Qd7 13. Ncd5 Bxd5 14. exd5 Na5 15. f4 Rac8 16. b3 Nb7 17. Bb2 Rfe8 18. Kh1 Qc7 19. g4 Qc5 20. Qd2 exf4 21. Rxf4 Bd8 22. Bd4 Qc7 23. Bxf6 Bxf6 24. Rxf6 gxf6 25. Nf5 Qc3 26. Qc1 Re2 27. Rb1 Rce8 28. Qf4 Re1+ 29. Rxe1 Qxe1+ 30. Bf1 Qe4+ 31. Qxe4 Rxe4 32. h3 Re5 33. Kg2 Kf8 34. c4 bxc4 35. Bxc4 a5 36. Ba6 Nc5 37. Bc4 Ne4 38. Nd4 Nc3 39. Nc6 Re1 40. a4 Rd1 41. Nxa5 Nxd5 42. Kf3 Nb4 43. Nb7 d5 44. Bb5 d4 45. Nc5 d3 46. a5 Ra1 47. Nxd3 Nxd3 48. Bxd3 Rxa5 49. Bxh7 Rb5 50. Kf4 Rxb3 51. h4 Rh3 52. h5 Kg7 53. Bf5 Rb3 54. Be4 Rb4 55. Kf5 Rb5+ 56. Kf4 Kh6 57. Bf5 Rb4+ 58. Be4 Rxe4+ 59. Kxe4 Kg5 60. Kd5 f5 61. h6 Kxh6 62. gxf5 Kg5 63. Ke5 Kg4 64. Kf6 Kf4 65. Kxf7 Kxf5 1/2-1/2

[Event "Baltic Pearl op 15th"]
[Site "Lazy"]
[Date "2019.07.01"]
[Round "8"]
[White "Bochenek, Ryszard"]
[Black "Pacuszka, Wioletta"]
[Result "1/2-1/2"]
[WhiteElo "1358"]
[BlackElo "1836"]
[PlyCount "106"]
[EventDate "2019.06.23"]
[EventType "swiss"]
[EventRounds "9"]
[EventCountry "POL"]
[SourceTitle "CBM 191 Extra"]
[Source "ChessBase"]
[SourceDate "2019.09.30"]
[SourceVersion "1"]
[SourceVersionDate "2019.09.30"]
[SourceQuality "1"]

1. d4 d5 2. Nf3 e6 3. g3 Nf6 4. Bg2 Nbd7 5. b3 Be7 6. 0-0 0-0 7. Bb2 c5 8. e3 b6 9. Nbd2 Ba6 10. c4 Rc8 11. Rc1 Re8 12. Qe2 Bb7 13. Rfd1 Bf8 14. Ne5 Rc7 15. Ndf3 h6 16. Nxd7 Qxd7 17. Ne5 Qc8 18. h3 Rd8 19. g4 Bd6 20. h4 Nh7 21. f4 f6 22. Ng6 Nf8 23. Nxf8 Bxf8 24. g5 hxg5 25. fxg5 f5 26. g6 Be7 27. Qh5 Bf6 28. Rd2 dxc4 29. Bxb7 Qxb7 30. bxc4 Qe4 31. Qh7+ Kf8 32. Rcc2 Qxe3+ 33. Rf2 Qg3+ 34. Rg2 Qe1+ 35. Kh2 Qxh4+ 36. Kg1 Qe1+ 37. Kh2 cxd4 38. Ba3+ Ke8 39. Rce2 Qh4+ 40. Kg1 Qxh7 41. Rxe6+ Kd7 42. Rd6+ Kc8 43. Rxd8+ Kxd8 44. gxh7 g5 45. Rh2 Bh8 46. Rh6 Rd7 47. Bc1 f4 48. Kf2 Kc7 49. Kf3 Rd6 50. Rh5 Rg6 51. Ke4 Re6+ 52. Kf3 Rg6 53. Ke4 Rg7 1/2-1/2

[Event "Baltic Pearl op 15th"]
[Site "Lazy"]
[Date "2019.06.29"]
[Round "7"]
[White "Bochenek, Ryszard"]
[Black "Wojtowicz, Wojciech"]
[Result "0-1"]
[WhiteElo "1358"]
[BlackElo "1683"]
[PlyCount "106"]
[EventDate "2019.06.23"]
[EventType "swiss"]
[EventRounds "9"]
[EventCountry "POL"]
[SourceTitle "CBM 191 Extra"]
[Source "ChessBase"]
[SourceDate "2019.09.30"]
[SourceVersion "1"]
[SourceVersionDate "2019.09.30"]
[SourceQuality "1"]

1. d4 Nf6 2. c4 e6 3. Nf3 b6 4. g3 Bb7 5. Bg2 d5 6. cxd5 exd5 7. Nc3 Bb4 8. Bd2 0-0 9. 0-0 Nbd7 10. Rc1 Re8 11. Nb5 c6 12. Bxb4 cxb5 13. Qd3 Ne4 14. Qxb5 a5 15. Ba3 Ndf6 16. Ne5 Ba6 17. Qa4 b5 18. Qb3 b4 19. Bxb4 axb4 20. Qxb4 Qb8 21. Qxb8 Raxb8 22. Rc2 Rb4 23. Rd1 Rb7 24. e3 Bb5 25. Rdc1 h6 26. Rc7 Rxc7 27. Rxc7 Nd6 28. Bh3 Ra8 29. a3 Rb8 30. b3 Be8 31. b4 Ra8 32. Rc3 Nfe4 33. Rb3 Ba4 34. Rb1 Bb5 35. Ra1 Ra7 36. Kg2 g6 37. f3 Nd2 38. Kf2 N6c4 39. Nxc4 Nxc4 40. Bf1 Rxa3 41. Rxa3 Nxa3 42. Bxb5 Nxb5 43. Ke2 Kf8 44. Kd3 Ke7 45. e4 Kd6 46. e5+ Ke6 47. h3 f6 48. f4 fxe5 49. dxe5 Kf5 50. g4+ Kxf4 51. e6 Ke5 52. e7 Nd6 53. b5 Ke6 0-1

[Event "Baltic Pearl op 15th"]
[Site "Lazy"]
[Date "2019.06.25"]
[Round "3"]
[White "Starosta, Martyna"]
[Black "Bochenek, Ryszard"]
[Result "1-0"]
[WhiteElo "1841"]
[BlackElo "1358"]
[PlyCount "69"]
[EventDate "2019.06.23"]
[EventType "swiss"]
[EventRounds "9"]
[EventCountry "POL"]
[SourceTitle "CBM 191 Extra"]
[Source "ChessBase"]
[SourceDate "2019.09.30"]
[SourceVersion "1"]
[SourceVersionDate "2019.09.30"]
[SourceQuality "1"]

1. e4 e6 2. d4 d5 3. Nc3 dxe4 4. Nxe4 Bd7 5. Nf3 Bc6 6. Bd3 Nd7 7. c3 Be7 8. 0-0 Ngf6 9. Nxf6+ Bxf6 10. Re1 0-0 11. a4 a5 12. Bf4 Re8 13. Ne5 Nxe5 14. Bxe5 Bxe5 15. Rxe5 Qf6 16. Qh5 g6 17. Qg4 b6 18. h4 Rad8 19. b3 Qg7 20. Rae1 Rd6 21. Qf4 Red8 22. h5 Rd5 23. Rxd5 Bxd5 24. Qxc7 Ra8 25. hxg6 hxg6 26. Qxb6 Qh6 27. Re3 Qg5 28. Bf1 Kg7 29. c4 Bxg2 30. Bxg2 Rh8 31. Qd6 Qg4 32. Qe5+ Kg8 33. Qxa5 Qd1+ 34. Qe1 Qxd4 35. Rh3 1-0